Aktuálne techniky výberu cenovo dostupnej dovolenky prostredníctvom informačno- komunikačných technológií bakalárska práca

Salvato in:
Dettagli Bibliografici
Autore principale: Bereczky, Peter
Ente Autore: Obchodná fakulta EU. Katedra informatiky obchodných firiem
Altri autori: Pólya, Attila
Natura: Libro
Lingua:slovacco
Pubblicazione: Bratislava 2019
Tags: Aggiungi Tag
Nessun Tag, puoi essere il primo ad aggiungerne!!

MARC

LEADER 00000nbm a2200000 4500
001 0255711
005 20191025135550.3
041 0 |a slo 
044 |a SK 
245 1 0 |a Aktuálne techniky výberu cenovo dostupnej dovolenky prostredníctvom informačno- komunikačných technológií  |b bakalárska práca  |c Peter Bereczky ; školiteľ: Attila Pólya 
264 1 |a Bratislava  |c 2019 
300 |a 46 s. 
100 1 |a Bereczky, Peter 
700 1 |a Pólya, Attila 
710 2 |a Obchodná fakulta EU. Katedra informatiky obchodných firiem